Kāna mā kān. (Record no. 50639)

MARC details
000 -LEADER
fixed length control field 00588cam a22002171 4500
001 - CONTROL NUMBER
control field ne 68002970
003 - CONTROL NUMBER IDENTIFIER
control field DLC
005 - DATE AND TIME OF LATEST TRANSACTION
control field 20260227111845.0
008 - FIXED-LENGTH DATA ELEMENTS--GENERAL INFORMATION
fixed length control field 880803s1966 le 000 1 arar
010 ## - LIBRARY OF CONGRESS CONTROL NUMBER
LC control number ne 68002970
035 ## - SYSTEM CONTROL NUMBER
System control number (OCoLC)18306604
040 ## - CATALOGING SOURCE
Original cataloging agency DLC
Transcribing agency WaU
Modifying agency DLC
042 ## - AUTHENTICATION CODE
Authentication code premarc
050 00 - LIBRARY OF CONGRESS CALL NUMBER
Classification number PJ7852.A5
Item number K3 1966
100 1# - MAIN ENTRY--PERSONAL NAME
Personal name Nuʻaymah, Mīkhāʼīl,
Dates associated with a name 1889-
245 10 - TITLE STATEMENT
Title Kāna mā kān.
Statement of responsibility, etc. [Taʼlīf] Mikhāʼīl Nuʻaymah.
250 ## - EDITION STATEMENT
Edition statement al-Ṭabʻah al-sābiʻah.
260 ## - PUBLICATION, DISTRIBUTION, ETC.
Place of publication, distribution, etc. Bayrūt,
Name of publisher, distributor, etc. Dār Ṣādir,
Date of publication, distribution, etc. 1966.
300 ## - PHYSICAL DESCRIPTION
Extent 125 p.
500 ## - GENERAL NOTE
General note Short stories.

No items available.

Powered by Koha